000 00671nam a2200301Ia 4500
005 20260401122346.0
008 008 250103s9999 xx 000 0 eng d
020 _a9781903364000
037 _aTB
040 _aEDL
040 _beng
040 _cEDL
041 _2eng
041 _aeng
084 _a791.43616 WEL
084 _qEDL
100 _aWells, Paul
_91233354
245 0 _aHorror Genre: From Beelzebub to Blair Witch
245 0 _cWells, Paul
260 _aLondon
260 _bWallflower
260 _c2000
300 _a130p
942 _cTB
942 _h791.43616 WEL
999 _c1846759
_d1846759